Common calcium-sensing receptor (CASR) gene variants do not modify risk for chronic pancreatitis in a Hungarian cohort

Elmentve itt :
Bibliográfiai részletek
Szerzők: Takáts Amanda
Berke Gergő
Szentesi Andrea Ildikó
Farkas Gyula Jr
Izbéki Ferenc
Erőss Bálint
Czakó László
Vincze Áron
Hegyi Péter
Sahin-Tóth Miklós
Hegyi Eszter
Dokumentumtípus: Cikk
Megjelent: 2021
Sorozat:PANCREATOLOGY 21 No. 7
Tárgyszavak:
doi:10.1016/j.pan.2021.08.012

mtmt:32166953
Online Access:http://publicatio.bibl.u-szeged.hu/22235
LEADER 01113nab a2200325 i 4500
001 publ22235
005 20211119154943.0
008 210902s2021 hu o 0|| zxx d
022 |a 1424-3903 
024 7 |a 10.1016/j.pan.2021.08.012  |2 doi 
024 7 |a 32166953  |2 mtmt 
040 |a SZTE Publicatio Repozitórium  |b hun 
041 |a zxx 
100 1 |a Takáts Amanda 
245 1 0 |a Common calcium-sensing receptor (CASR) gene variants do not modify risk for chronic pancreatitis in a Hungarian cohort  |h [elektronikus dokumentum] /  |c  Takáts Amanda 
260 |c 2021 
300 |a 1305-1310 
490 0 |a PANCREATOLOGY  |v 21 No. 7 
650 4 |a Klinikai orvostan 
700 0 1 |a Berke Gergő  |e aut 
700 0 1 |a Szentesi Andrea Ildikó  |e aut 
700 0 1 |a Farkas Gyula Jr.  |e aut 
700 0 1 |a Izbéki Ferenc  |e aut 
700 0 1 |a Erőss Bálint  |e aut 
700 0 1 |a Czakó László  |e aut 
700 0 1 |a Vincze Áron  |e aut 
700 0 1 |a Hegyi Péter  |e aut 
700 0 2 |a Sahin-Tóth Miklós  |e aut 
700 0 2 |a Hegyi Eszter  |e aut 
856 4 0 |u http://publicatio.bibl.u-szeged.hu/22235/1/TakatsPancreatol2021.pdf  |z Dokumentum-elérés